|
|
|
|
| LEADER |
03017nam a22004093i 4500 |
| 001 |
EBC6209838 |
| 003 |
MiAaPQ |
| 005 |
20231204023214.0 |
| 006 |
m o d | |
| 007 |
cr cnu|||||||| |
| 008 |
231204s2020 xx o ||||0 eng d |
| 020 |
|
|
|a 9783110668476
|q (electronic bk.)
|
| 035 |
|
|
|a (MiAaPQ)EBC6209838
|
| 035 |
|
|
|a (Au-PeEL)EBL6209838
|
| 035 |
|
|
|a (OCoLC)1149475174
|
| 040 |
|
|
|a MiAaPQ
|b eng
|e rda
|e pn
|c MiAaPQ
|d MiAaPQ
|
| 082 |
0 |
|
|a 410
|
| 100 |
1 |
|
|a Vogelaer, Gunther.
|
| 245 |
1 |
0 |
|a German and Dutch in Contrast :
|b Synchronic, Diachronic and Psycholinguistic Perspectives.
|
| 250 |
|
|
|a 1st ed.
|
| 264 |
|
1 |
|a Berlin/Boston :
|b Walter de Gruyter GmbH,
|c 2020.
|
| 264 |
|
4 |
|c ©2020.
|
| 300 |
|
|
|a 1 online resource (362 pages)
|
| 336 |
|
|
|a text
|b txt
|2 rdacontent
|
| 337 |
|
|
|a computer
|b c
|2 rdamedia
|
| 338 |
|
|
|a online resource
|b cr
|2 rdacarrier
|
| 490 |
1 |
|
|a Konvergenz und Divergenz Series ;
|v v.11
|
| 505 |
0 |
|
|a Intro -- Contents -- Introduction - German and Dutch in contrast: synchronic, diachronic and psycholinguistic perspectives -- Part 1: Synchronic Perspectives -- Nickname formation in West Germanic: German Jessi and Thomson meet Dutch Jess and Tommie and English J-Bo and Tommo -- Analogues of the way-construction in German and Dutch: another Germanic sandwich? -- Lice in the fur of our language? German irrelevance particles between Dutch and English -- IPP in Afrikaans: a corpus-based investigation and a comparison with Dutch and German -- Part 2: Diachronic Perspectives -- The grammaticalisation of definite articles in German, Dutch, and English: a microtypological approach -- A diachronic contrastive study of sentence-internal capitalisation in Dutch and German -- Middle High German and modern Flemish s‑retraction in /rs/-clusters -- Part 3: Psycholinguistic Perspectives -- The role of verb-second word order for L1 German, Dutch and Norwegian L2 English learners: a grammar competition analysis -- Syntactic or semantic gender agreement in Dutch, German and German learner Dutch: a speeded grammaticality judgement task -- Subtle differences, rigorous implications: German and Dutch representation of tense-aspect features in SLA research of Spanish -- Food for psycholinguistic thought on gender in Dutch and German: a literature review on L1 and L2 production and processing.
|
| 588 |
|
|
|a Description based on publisher supplied metadata and other sources.
|
| 590 |
|
|
|a Electronic reproduction. Ann Arbor, Michigan : ProQuest Ebook Central, 2023. Available via World Wide Web. Access may be limited to ProQuest Ebook Central affiliated libraries.
|
| 655 |
|
4 |
|a Electronic books.
|
| 700 |
1 |
|
|a Koster, Dietha.
|
| 700 |
1 |
|
|a Leuschner, Torsten.
|
| 776 |
0 |
8 |
|i Print version:
|a Vogelaer, Gunther
|t German and Dutch in Contrast
|d Berlin/Boston : Walter de Gruyter GmbH,c2020
|
| 797 |
2 |
|
|a ProQuest (Firm)
|
| 830 |
|
0 |
|a Konvergenz und Divergenz Series
|
| 856 |
4 |
0 |
|u https://ebookcentral.proquest.com/lib/matrademy/detail.action?docID=6209838
|z Click to View
|